Online Catalogue and eLibrary

Men Doing Feminism (Record no. 1620)

MARC details
000 -LEADER
fixed length control field 00425nam a2200181Ia 4500
005 - DATE AND TIME OF LATEST TRANSACTION
control field 20250120021406.0
008 - FIXED-LENGTH DATA ELEMENTS--GENERAL INFORMATION
fixed length control field 240331s9999 xx 000 0 und d
020 ## - INTERNATIONAL STANDARD BOOK NUMBER
ISBN 0415916267
082 ## - DDC Classification
Item Number - Author Mark DIG
DDC Edition Number 2712
Class No. 305.32
245 #0 - TITLE STATEMENT
Title Men Doing Feminism
260 ## - PUBLICATION, DISTRIBUTION, ETC.
Place of publication, distribution, etc. New York
-- London
Name of publisher, distributor, etc. Routledge
Date of publication, distribution, etc. 1998
300 ## - PHYSICAL DESCRIPTION
Extent (e.g. Volumes, Pages etc.) xiv, 359 p.,
650 ## - SUBJECT ADDED ENTRY--TOPICAL TERM
Topical term or geographic name entry element Men
650 ## - SUBJECT ADDED ENTRY--TOPICAL TERM
Topical term or geographic name entry element Feminism
650 ## - SUBJECT ADDED ENTRY--TOPICAL TERM
Topical term or geographic name entry element Women
700 ## - ADDED ENTRY--PERSONAL NAME
Personal name Digby, T
Relator term (Role) Editor
942 ## - Koha item type (Biblio)
Koha item type Books in Stacks (Lending)
Holdings
Lost status Damaged status Collection code Home library Current library Shelving location Date acquired Full call number Accession Number Item type
    Lending WERC Library WERC Library Social Science Cupboard 03/31/2024 305.32 MEN 2712 Books in Stacks (Lending)

© WERC Library